Länder Europas im Jahre 1700 - Statistiken

Allgemein
  • Dieses Quiz wurde 276 mal gespielt
  • Das Durchschnittsergebnis liegt bei 15 aus 25
Antwortstatistiken
Land im 1700 % Korrekt
Habsburgermonarchie / Österreich - Ungarn
95%
Dänemark–Norwegen
93%
Zarentum Russland
93%
Spanisches Reich
92%
Königreich Frankreich
91%
Schweden
90%
Portugiesisches Reich
88%
Osmanisches Reich
84%
Britisches Imperium
82%
Herzogtum Preußen
82%
Polnisch-Litauische Union
82%
Niederländische Republik
76%
Alte Eidgenossenschaft
74%
Heiliges Römisches Reich
70%
Republik Venedig
46%
Kirchenstaat
43%
Monaco
43%
San Marino
40%
Großherzogtum Toskana
27%
Republik Genua
27%
Herzogtum Savoyen
17%
Herzogtum Parma
11%
Herzogtum Modena und Reggio
9%
Republik Lucca
8%
Herzogtum Mantua
5%
Keine übereinstimmenden Quizze gefunden
Verteilung der Resultate
Anzahl Personen mit jedem Resultat
Perzentil nach korrekt beantworteten Fragen
Ihre Resultats-Entwicklung
Sie haben dieses Quiz noch nicht gespielt